Theory of Literature

Na minha lista:
Detalhes bibliográficos
Autor principal: Fry, Paul H.
Formato: Livro
Idioma:English
Publicado em: New Haven, Estados Unidos Yale University Press 2012
Assuntos:
Tags: Adicionar Tag
Sem tags, seja o primeiro a adicionar uma tag!

MARC

LEADER 00000nam a2200000Ia 4500
008 170316s9999 xx 000 0 eng d
999 |c 30896  |d 30896 
040 |a cru BVZT 
090 |a 801 F-19t 
100 |a Fry, Paul H.  
245 |a Theory of Literature  |c  / Paul H. Fry 
260 |a New Haven, Estados Unidos 
260 |b Yale University Press 
260 |c 2012 
300 |a 384 páginas 
650 |a TEORÍA LITERARIA  |9 178 
650 |a EN IDIOMA INGLÉS  |9 129 
650 |a CRÍTICA LITERARIA  |9 189 
650 |a TEORÍA DE LA LITERATURA  |9 295 
650 |a ESTRUCTURALISMO 
650 |a FORMALISMO RUSO 
650 |a SEMIÓTICA  |9 187 
650 |a DECONSTRUCCIÓN - JACQUES DERRIDA 
650 |a DECONSTRUCCIÓN - PAUL DE MAN 
650 |a FREUD - FICCIÓN 
650 |a JACQUES LACAN 
942 |c 15 D  |h 801 F-19t  |2 z